<?xml version="1.0" encoding="UTF-8"?><?xml-stylesheet type="text/xsl" href="static/style.xsl"?><OAI-PMH xmlns="http://www.openarchives.org/OAI/2.0/" xmlns:xsi="http://www.w3.org/2001/XMLSchema-instance" xsi:schemaLocation="http://www.openarchives.org/OAI/2.0/ http://www.openarchives.org/OAI/2.0/OAI-PMH.xsd"><responseDate>2026-06-01T20:46:28Z</responseDate><request verb="GetRecord" identifier="oai:riubu.ubu.es:10259/8205" metadataPrefix="marc">https://riubu.ubu.es/oai/request</request><GetRecord><record><header><identifier>oai:riubu.ubu.es:10259/8205</identifier><datestamp>2023-12-15T01:05:22Z</datestamp><setSpec>com_10259_7130</setSpec><setSpec>com_10259_5086</setSpec><setSpec>com_10259_2604</setSpec><setSpec>col_10259_7131</setSpec></header><metadata><record xmlns="http://www.loc.gov/MARC21/slim" xmlns:doc="http://www.lyncode.com/xoai" xmlns:xsi="http://www.w3.org/2001/XMLSchema-instance" xmlns:dcterms="http://purl.org/dc/terms/" xsi:schemaLocation="http://www.loc.gov/MARC21/slim http://www.loc.gov/standards/marcxml/schema/MARC21slim.xsd">
<leader>00925njm 22002777a 4500</leader>
<datafield tag="042" ind1=" " ind2=" ">
<subfield code="a">dc</subfield>
</datafield>
<datafield tag="720" ind1=" " ind2=" ">
<subfield code="a">Caño Espinel, Rodrigo del</subfield>
<subfield code="e">author</subfield>
</datafield>
<datafield tag="720" ind1=" " ind2=" ">
<subfield code="a">Posada Franco, V.</subfield>
<subfield code="e">author</subfield>
</datafield>
<datafield tag="720" ind1=" " ind2=" ">
<subfield code="a">García Bol, F.</subfield>
<subfield code="e">author</subfield>
</datafield>
<datafield tag="720" ind1=" " ind2=" ">
<subfield code="a">López Moreno, A.</subfield>
<subfield code="e">author</subfield>
</datafield>
<datafield tag="720" ind1=" " ind2=" ">
<subfield code="a">Roldán Valero, A.</subfield>
<subfield code="e">author</subfield>
</datafield>
<datafield tag="720" ind1=" " ind2=" ">
<subfield code="a">Castro Merino, S.</subfield>
<subfield code="e">author</subfield>
</datafield>
<datafield tag="720" ind1=" " ind2=" ">
<subfield code="a">Caño Espinel, Manuela del</subfield>
<subfield code="e">author</subfield>
</datafield>
<datafield tag="260" ind1=" " ind2=" ">
<subfield code="c">2018</subfield>
</datafield>
<datafield tag="520" ind1=" " ind2=" ">
<subfield code="a">The decision to return to sport (RTS) after an injury is one of the most complicated in sports medicine, due to the posibility of reinjury.&#xd;
The return to sport tests allow one to set goals to assess the condition of the patient and establish certain criteria before returning to competition. These tests include: strength tests, jumping tests and stability tests, and are based on the “Limb Symetry Indexes” (LSI). Nevertheless, there are studies which indicate that this method of evaluation could overestimate knee function values, and the need to include specific sport movements in the tests.</subfield>
</datafield>
<datafield tag="024" ind2=" " ind1="8">
<subfield code="a">2325-9671</subfield>
</datafield>
<datafield tag="024" ind2=" " ind1="8">
<subfield code="a">http://hdl.handle.net/10259/8205</subfield>
</datafield>
<datafield tag="024" ind2=" " ind1="8">
<subfield code="a">10.1177/2325967118S00043</subfield>
</datafield>
<datafield tag="024" ind2=" " ind1="8">
<subfield code="a">2325-9671</subfield>
</datafield>
<datafield tag="245" ind1="0" ind2="0">
<subfield code="a">Proposal for "return to sport" test after injury, specific to football</subfield>
</datafield>
</record></metadata></record></GetRecord></OAI-PMH>